Contratacion bancaria / (Registro nro. 20070)

Detalles MARC
000 -LEADER
fixed length control field 01575nam a2200361 4500
001 - CONTROL NUMBER
control field 0000020497
003 - CONTROL NUMBER IDENTIFIER
control field CO-CtgCURN
005 - DATE AND TIME OF LATEST TRANSACTION
control field 20250515162142.0
007 - PHYSICAL DESCRIPTION FIXED FIELD--GENERAL INFORMATION
fixed length control field ta
008 - FIXED-LENGTH DATA ELEMENTS--GENERAL INFORMATION
fixed length control field 160627s2002 000 0 eng d
020 ## - INTERNATIONAL STANDARD BOOK NUMBER
International Standard Book Number 9505085370 (V1)
020 ## - INTERNATIONAL STANDARD BOOK NUMBER
International Standard Book Number 9505085923 (V2)
040 ## - CATALOGING SOURCE
Original cataloging agency CO-CtgCURN
Language of cataloging spa
Transcribing agency coctgcurn
082 0# - DEWEY DECIMAL CLASSIFICATION NUMBER
Classification number 346.082
Item number B17c
100 1# - MAIN ENTRY--PERSONAL NAME
Personal name Barbier, Eduardo Antonio.
245 10 - TITLE STATEMENT
Title Contratacion bancaria /
Statement of responsibility, etc. Eduardo Antonio Barbier.
250 ## - EDITION STATEMENT
Edition statement 2a. ed.
260 ## - PUBLICATION, DISTRIBUTION, ETC.
Place of publication, distribution, etc. Buenos Aires :
Name of publisher, distributor, etc. Editorial Astrea,
Date of publication, distribution, etc. 2002.
300 ## - PHYSICAL DESCRIPTION
Extent 2 v.
336 ## - CONTENT TYPE
Source rdacontent
337 ## - MEDIA TYPE
Source rdamedia
Media type term sin mediacion
Media type code n
338 ## - CARRIER TYPE
Source rdacarrier
Carrier type term volumen
Carrier type code nc
504 ## - BIBLIOGRAPHY, ETC. NOTE
Bibliography, etc. note Bibliografia (p. 677-686)
505 8# - FORMATTED CONTENTS NOTE
Formatted contents note v.1. Consumidores y usuarios: Modalidades contractuales de banca individual.--Normas aplicables.--Estructura dinamica negocial.--Depositos.--Creditos.--Servicios.--Garantias.--Condiciones generales.--Responsabilidades Prevencion y resolucion de conflictos.--v.2. Empresas: Financiacion de proyectos.--Prestamo sindicado.--Underwriting.--Leasing.--Factoring.--Fideicomiso.--Credito documentario.--Derivados financieros.--Mandatos.--Fondos comunes de inversion.--Responsabilidad de bancos y empresas
650 14 - SUBJECT ADDED ENTRY--TOPICAL TERM
Topical term or geographic name entry element Contratos bancarios.
650 14 - SUBJECT ADDED ENTRY--TOPICAL TERM
Topical term or geographic name entry element Servicios bancarios.
650 14 - SUBJECT ADDED ENTRY--TOPICAL TERM
Topical term or geographic name entry element Administración bancaria.
650 14 - SUBJECT ADDED ENTRY--TOPICAL TERM
Topical term or geographic name entry element Derecho bancario.
908 ## - PUT COMMAND PARAMETER (RLIN)
Put command parameter 160627
942 ## - ADDED ENTRY ELEMENTS (KOHA)
Koha item type Libros
Classification part 346.02
Item part B17c
Source of classification or shelving scheme Dewey Decimal Classification
Suppress in OPAC No
Existencias
Withdrawn status Lost status Source of classification or shelving scheme Damaged status Not for loan Collection Home library Current library Shelving location Date acquired Inventory number Total checkouts Full call number Barcode Date last seen Copy number Price effective from Koha item type Public note
    Dewey Decimal Classification     General Miguel Henríquez Castañeda Miguel Henríquez Castañeda General 03/31/2025 005284   346.02 B17c 005284 03/31/2025 v.1 03/31/2025 Libros 340-DEREC
    Dewey Decimal Classification     General Miguel Henríquez Castañeda Miguel Henríquez Castañeda General 03/31/2025 013327   346.02 B17c 013327 03/31/2025 v.2 03/31/2025 Libros 340-DEREC